000 00687nam a2200229 i 4500
001 bg
100 1 _aBEDNAREK, Marzenna
245 1 0 _aWord 6.0 PL dla Windows w praktyce /
_cMarzenna Bednarek.
246 1 4 _aMicrosoft Word dla Windows w praktyce
260 _aWarszawa :
_b"Mikom",
_c1995.
300 _a310 s. :
_bfaks., rys., 2 wykr. ;
_c24 cm.
500 _aTyt. okł. : Microsoft Word dla Windows w praktyce : v. 6 PL.
504 _aIndeks.
630 0 9 _aWord dla Windows
020 _a8385625739
040 _cBPK
041 0 _apl
080 _a655.1/.3:651.011.54/.56:681.322.06
920 _a83-85625-73-9
942 _cKS
008 s pl f |000 0 pol
999 _c25159
_d25159
856 _uhttp://koha.tu.koszalin.pl/cgi-bin/koha/opac-detail.pl?biblionumber=25159
_yKatalog online BPK